000 01474mam a2200193 a 4500
082 0 4 _a551.46
_bVIC
100 1 _aVictorov, S. V.
_940442
245 1 0 _aRegional satellite oceanography /
_cS.V. Victorov.
260 _aLondon ;
_aBristol, PA :
_bTaylor & Francis,
_cc1996.
300 _axiv, 306 p.
_bill. (some col.), charts, maps ;
_c26 cm.
520 _aThis book is not about the World Ocean. It is about our local sea, our local bay, our local estuary, and our local coastline, an environment we know and love, wherever we may live. This book is the first ever book on a new subdiscipline of remote sensing: regional satellite oceanography. Written by a Russian author, who is the leading international authority, this book is clear, simple, concise, and challenging.
520 8 _aTapping into a resurgent interest in the regional perspective, the author addresses a number of difficult and oft-posed questions: What can the satellite actually 'see' when it is passing overhead? Is there a difference between the satellite-derived temperature of the sea and the temperature measured from a boat? How should the satellites be used to detect coastal zone pollution? Is the water clear enough - and clean enough - at our local beach?
526 _a0
_b0
_c0
_d551_460000000000000_VIC
650 0 _aAstronautics in oceanography.
_940443
650 0 _aCoastal surveillance.
_940444
650 0 _aMCE
_9379
650 0 _aOceanography
_xRemote sensing.
_940445
942 _2ddc
_cBK
999 _c544733
_d544733